| 000 | 01148nam a22003137a 4500 | ||
|---|---|---|---|
| 003 | CHAP | ||
| 005 | 20220817044359.0 | ||
| 008 | 101013s2009 mx a r 00010 spa d | ||
| 010 | _a99409 | ||
| 011 | _a100381 | ||
| 035 | _a111067 | ||
| 040 | _cCHAP | ||
| 090 | _aFolleto 17796 | ||
| 110 | 0 |
_aInstituto Internacional de Investigación Sobre Políticas Alimentarias _959228 |
|
| 245 | 1 | 4 |
_aLos precios mundiales de los alimentos _c/por Instituto Internacional de Investigación Sobre Políticas Alimentarias |
| 260 |
_aWashington, D. C. : _bInstituto Internacional de Investigación Sobre Políticas Alimentarias, _c2009 |
||
| 300 |
_a28 p. : _bgráfs. |
||
| 590 |
_aBATCH-UPD _b10 _c20130110 _lUCH01 _h1636 |
||
| 590 |
_aBATCH-UPD _b10 _c20130410 _lUCH01 _h1028 |
||
| 590 |
_aBATCH-UPD _b10 _c20130914 _lUCH01 _h0220 |
||
| 590 |
_aCONVERSION _b10 _c20130109 _lUCH01 _h1355 |
||
| 650 | 1 | 4 |
_aAlimentos _xAbastecimiento. |
| 650 | 1 | 4 |
_aAlimentos _xPrecios. _94260 |
| 650 | 1 | 4 |
_aCrisis económica. _928975 |
| 650 | 1 | 4 |
_aPolítica alimentaria. _990389 |
| 901 | _aBK | ||
| 942 | _cFOLL | ||
| 949 |
_aFolleto 17796 _bBC _cFOLL _d33724002213975 _eTS1 _i111067 _sb |
||
| 999 |
_c99409 _d99409 |
||